Rules for the registration of firms (Record no. 121829)
[ view plain ]
| 000 -LEADER | |
|---|---|
| fixed length control field | 01358nam a22002417a 4500 |
| 008 - FIXED-LENGTH DATA ELEMENTS--GENERAL INFORMATION | |
| fixed length control field | 240308s2020 xxk|||||o|||| 00| 0 eng d |
| 041 ## - LANGUAGE CODE | |
| Language code of text/sound track or separate title | eng |
| 110 ## - MAIN ENTRY--CORPORATE NAME | |
| Corporate author | Royal Institution of Chartered Surveyors |
| 245 ## - TITLE STATEMENT | |
| Title | Rules for the registration of firms |
| Medium | [old edition] |
| 250 ## - EDITION | |
| Edition statement | Version 6 with effect from 2 March 2020 |
| 260 ## - PUBLICATION INFORMATION | |
| Place of publication | London, |
| Publisher | Royal Institution of Chartered Surveyors, |
| Date | 2020 |
| 300 ## - PHYSICAL DESCRIPTION | |
| Physical description | 8p. |
| 490 ## - SERIES TITLE | |
| Series statement | RICS Regulation |
| 500 ## - GENERAL NOTE | |
| General note | These Rules are made by the Standards and Regulation Board in accordance with Bye-Law 2.5.1 under powers provided by Regulation 7.2.4. |
| 500 ## - GENERAL NOTE | |
| General note | effective 2 March 2020. Supersede version 5 which was effective from 31 March 2017 |
| 520 ## - ABSTRACT | |
| Abstract | These rules set out: which Firms are required to register with RICS for regulation; circumstances in which a Firm is eligible to apply for regulation, even though it is not required to do so; the procedure for registration, deregistration and appeal and; together with the Rules of Conduct, the obligations of registration |
| 650 ## - KEYWORDS | |
| Keywords | REGULATION |
| 650 ## - KEYWORDS | |
| Keywords | RULES OF CONDUCT |
| 651 ## - SUBJECT ADDED ENTRY--GEOGRAPHIC NAME | |
| Geographic name | United Kingdom |
| 710 ## - ADDED CORPORATE NAME | |
| Added corporate author | Royal Institution of Chartered Surveyors |
| 856 ## - ONLINE RESOURCE | |
| Uniform Resource Identifier | <a href="https://www.rics.org/profession-standards/knowledge-and-information-services/document-delivery-and-other-kis-fees">https://www.rics.org/profession-standards/knowledge-and-information-services/document-delivery-and-other-kis-fees</a> |
| Public note | email [email protected] for a copy |
| 942 ## - ADDED ENTRY ELEMENTS (KOHA) | |
| Suppress in OPAC | Do not suppress in OPAC |
| Lost status | Damaged status | Not for loan | Current library | Shelving location | Date acquired | Total Checkouts | Full call number | Date last seen | Price effective from | Koha item type | Public note |
|---|---|---|---|---|---|---|---|---|---|---|---|
| Virtual | Online | 08/03/2024 | SCAN | 08/03/2024 | 08/03/2024 | Online material | Please contact [email protected] to request a digital copy |